01609nab a22002657a 4500003000400000005001700004008004100021040000700062100002800069245011200097260004200209300001100251500003600262505065600298505008900954650002001043650001101063650003101074650003301105650002701138650002801165650002401193650001301217773011301230OSt20260202204649.0190506c xxu||||| |||| 00| 0 spa d cPJ aGrisolia, Julio Armando13aEl juez del ser y del deber ser. Una mirada sobre el perfil de los jueces del futuro /cJulio A. Grisolia.  aBuenos Aires :bAbeledoPerrot,c2023. ap. 3-8 aCita: TR LALEY AR/DOC/673/2023  aSumario: I. Palabras preliminares.— II. Algunas premisas sentadas en trabajos anteriores.— III. La mirada de la sociedad sobre la justicia y los jueces. El formalismo y el tiempo.— IV. Una nueva realidad: la necesidad de un cambio de paradigma.— V. Los jueces y el conocimiento del derecho.— VI. Otros conocimientos necesarios para la función judicial. Habilidades y actitudes.— VII. Lo que se debería tener en cuenta en un proceso de selección de jueces.— VIII. Otras cualidades de los jueces. Liderazgo y gestión.— IX. El juez moderno que la sociedad reclama.— X. Reflexiones finales.— XI. Bibliografía complementaria.  t¿Te interesa el texto completo? Comunicate al correo: koha@justierradelfuego.gov.ar 0aDERECHO LABORAL 0aJUECES 0aCONSEJO DE LA MAGISTRATURA 0aTECNOLOGIA DE LA INFORMACION 0aCIENCIA Y TECNOLOGÍA 0aINTELIGENCIA ARTIFICIAL 0aDERECHO INFORMATICO 0aABOGADOS0 02751dBuenos Aires : AbeledoPerrot, 2013-tRevista de derecho laboral y seguridad social. Nº 9 - Mayo 2023